Vstup do měnové unie v roce 2006?
Plánovaný vstup Poľska do Európskej únie. Kritériá Maastrichtskej zmluvy pre vstup do Európskej menovej únie. Schodok štátneho rozpočtu v pomere k HDP v r. 1992-2006. Plán odporúčania pre úpravu devízového kurzu. Výhody a nevýhody eura. Plán hospodárskej reformy Poľska. Proces začleňovania do európs...
Salvato in:
| Autore principale: | |
|---|---|
| Natura: | Capitolo di libro |
| Lingua: | ceco |
| Soggetti: | |
| Tags: |
Nessun Tag, puoi essere il primo ad aggiungerne!!
|
MARC
| LEADER | 00000naa a2200000 4500 | ||
|---|---|---|---|
| 001 | r026128 | ||
| 005 | 20230920093635.6 | ||
| 041 | 0 | |a cze | |
| 044 | |a CZ | ||
| 245 | 1 | 0 | |a Vstup do měnové unie v roce 2006? |c Dušan Provazník |
| 520 | |a Plánovaný vstup Poľska do Európskej únie. Kritériá Maastrichtskej zmluvy pre vstup do Európskej menovej únie. Schodok štátneho rozpočtu v pomere k HDP v r. 1992-2006. Plán odporúčania pre úpravu devízového kurzu. Výhody a nevýhody eura. Plán hospodárskej reformy Poľska. Proces začleňovania do európskej integrácie. | ||
| 610 | 2 | 0 | |a únie menové |
| 610 | 2 | 0 | |a Európa |
| 610 | 2 | 0 | |a Maastrichtská zmluva |
| 610 | 2 | 0 | |a integrácia ekonomická medzinárodná |
| 610 | 2 | 0 | |a Poľsko |
| 610 | 2 | 0 | |a Európska únia |
| 610 | 2 | 0 | |a rozpočet štátny |
| 610 | 2 | 0 | |a kurz devízový |
| 610 | 2 | 0 | |a eurodevízy |
| 100 | 1 | |a Provazník, Dušan | |